الإحصائيات لـ مسابقة خريطة القارات السبع

أنقر هنا لكي تخضع للإختبار!

الإحصائيات العامة

  • هذا الإختبار تم الخضوع له 786 مره
  • الدرجة المتوسطة هي 6 من 7

Answers on the Map

Answers color-coded by a green-red scale on the quiz's map according to % correct below.
 

إحصائيات الإجابة

Answer% صحيح
أفريقيا
87%
آسيا
86%
أمريكا الجنوبية
85%
أستراليا (أوقيانوسيا)
83%
أوروبا
79%
أنتاركتيكا
79%
شمال امريكا
76%

توزيع النقاط

النسبة وفقا للأرقام

نسبة الأشخاص لكل درجة

سجل النقاط الخاصة بك

لم تضخع لهذا الإختبار